000 00766 a2200253 4500
020 _a0-672-32475-X (pbk.) :
035 _a(Uk)067232475x
040 _aDLC
_bEnglish
082 0 4 _a005.4469
100 1 _aHsiao, Aron
245 1 0 _aSams teach yourself Red Hat Linux X in 24 hours
_cAron Hsiao
246 3 _aTeach yourself Red Hat Linux X in 24 hours
246 3 _aRed Hat Linux X in 24 hours
260 _aIndia
_bTechmedia
_c2003.
300 _axix, 576 s. :
_bill. ;
_c24cm.
440 0 _aSams teach yourself in 24 hours series
500 _aPrevious ed.: 2000.
500 _aIncludes index.
500 _aHä²´ill 2 CD-ROM
650 7 _aLinux
650 7 _aOperativsystem
650 7 _aOperating systems (Computers)
942 _cBK
_k005.4469 HIS
_2ddc
999 _c6462
_d6462